000 00677nam a2200229Ia 4500
003 OSt
005 20220925215458.0
006 a|||||r|||| 00| 0
007 ta
008 220923b |||||||| |||| 00| 0 eng d
037 _cGeneral Book
040 _aRTL
_cRTL
_beng
041 _2eng
_aeng
082 _aX9(J481):5, L7
100 _aShamsher Singh
_9183138
245 0 _aCoffee tea and coca
_b Market prospects and develop
260 _aLondon
_bHopkins University Press UK
_c1977
300 _axii, 129p.
_ccm.
650 _aAgriculture Industry-- Coffee
942 _hX9(J481):5, L7
_cGB
_2CC
999 _c568884
_d568884